000 00257nam a22001217a 4500
008 170929b xxu||||| |||| 00| 0 eng d
041 _aeng
080 _a37
100 _a47
101 _aEDU
245 _aTEACHING READING
_cHEILMAN, A.W
942 _2udc
_cBK
999 _c30807
_d30807